Danube: Law, Economics and Social Issues Review

Na minha lista:
Detalhes bibliográficos
Formato: Periódico
Idioma:inglês
Publicado em: Berlin De Gruyter
Tags: Adicionar Tag
Sem tags, seja o primeiro a adicionar uma tag!

MARC

LEADER 00000nas1a2200000 4500
001 0251149
005 20250701092127.7
022 |a 1804-6746 
022 |a 1804-8285 
041 0 |a eng 
044 |a DE 
245 1 0 |a Danube: Law, Economics and Social Issues Review 
264 1 |a Berlin  |b De Gruyter